000 00783nam a2200217 4500
001 111788
003 ES-MaACL
005 20250814230841.0
007 t|
008 061121s1965 sp r ||||1| spa d
100 1 _aNeumann, Sigmund.
_985451
245 1 0 _aPartidos políticos modernos
_b: iniciación al estudio comparativo de los sistemas políticos /
_cSigmund Neumann; colaboradores, Frederick C. Barghoorn [et al.] [Traducción de Jaime de Ojeda].
260 _aMadrid :
_bTecnos,
_c1965.
300 _a671 p. ;
_c24 cm.
490 1 _aCiencias sociales ;
_v45
700 1 _aBarghoorn, Frederick C.
_925640
700 1 _aOjeda, Jaime de.
_986603
830 0 0 _aCiencias sociales
_v45
_9177859
852 _aES-MaACL
_jC-28454
_bR.57284
999 _c111788
_d111788